[Event "25. Torneo San Viator 2015 - Torneo B"]
[Site "Madrid ESP"]
[Date "2015.11.01"]
[Round "6.7"]
[White "Marcelo De La Mata, Daniel"]
[Black "Corral Sanchez, Jesus"]
[Result "1-0"]
[WhiteElo "1656"]
[BlackElo "1613"]
[PlyCount "107"]
[EventDate "2015.10.04"]
[EventType "swiss"]
[EventRounds "9"]
[EventCountry "ESP"]
[Source "lmi"]
[SourceDate "2015.10.04"]

1. e4 c5 2. Nf3 d6 3. d4 cxd4 4. Nxd4 Nf6 5. Nc3 a6 6. Be3 e6 7. a4 Be7 8. Be2
Qc7 9. O-O Nc6 10. f4 Nxd4 11. Qxd4 O-O 12. Kh1 Bd7 13. e5 Ne8 14. Bd3 d5 15.
f5 Rc8 16. f6 Bc5 17. Qh4 g6 18. Bh6 Qxe5 19. Rae1 Qd6 20. Bxf8 Qxf8 21. Rf3
Kh8 22. Rh3 Qg8 23. Re5 Nxf6 24. Qxf6+ Qg7 25. Qh4 f5 26. Re1 Bd6 27. Nd1 e5
28. c3 e4 29. Be2 Be5 30. Ne3 Be6 31. Nc2 Bg8 32. Qf2 Qc7 33. Nd4 Qb6 34. Bd1
Qc5 35. b4 Qc7 36. Bb3 Qg7 37. Qa2 Qd7 38. b5 f4 39. Qd2 Rd8 40. bxa6 bxa6 41.
Qe2 Qd6 42. Rd1 Qf6 43. Qf2 Qb6 44. Qh4 Rd6 45. Qe7 Bg7 46. a5 Qb8 47. Ba4 Bf6
48. Qe8 Rd8 49. Qxg6 Rd6 50. Nf5 Re6 51. Bd7 Rd6 52. Nxd6 Qxd6 53. Bf5 Qe7 54.
Rxd5 1-0

[Event "25. Torneo San Viator 2015 - Torneo B"]
[Site "Madrid ESP"]
[Date "2015.11.01"]
[Round "6.9"]
[White "Blanco Ruiz, Cesar"]
[Black "Fogue Caro, David"]
[Result "0-1"]
[WhiteElo "1630"]
[BlackElo "1568"]
[PlyCount "96"]
[EventDate "2015.10.04"]
[EventType "swiss"]
[EventRounds "9"]
[EventCountry "ESP"]
[Source "lmi"]
[SourceDate "2015.10.04"]

1. d4 Nf6 2. c4 g6 3. Nc3 Bg7 4. e4 d6 5. Nf3 O-O 6. h3 Nbd7 7. Bg5 e5 8. d5 a5
9. Bd3 Nc5 10. Bc2 Bd7 11. Qd2 Qe8 12. O-O-O b5 13. cxb5 Bxb5 14. Bh6 a4 15.
Bxg7 Kxg7 16. h4 h5 17. Ng5 Qb8 18. Kb1 Qb6 19. Ka1 Rfb8 20. Kb1 Be2 21. Qc1
Bxd1 22. Nxd1 Qb5 23. f4 Nd3 24. Bxd3 Qxd3+ 25. Qc2 Qxc2+ 26. Kxc2 Rb4 27. Nf2
Rab8 28. Rb1 exf4 29. Kc3 R4b7 30. Nd3 Re8 31. Re1 Rbb8 32. Nxf4 Nd7 33. Nd3
Ne5 34. Nxe5 dxe5 35. Rf1 Re7 36. Rf2 Rb6 37. Kc4 Rf6 38. Rxf6 Kxf6 39. Kb4 c5+
40. Kxc5 Rb7 41. Kc6 Rxb2 42. d6 Rc2+ 43. Kd7 Rb2 44. Kd8 Rxa2 45. d7 a3 46.
Nf3 Ra1 47. Nd2 Rd1 48. Nc4 a2 0-1

[Event "25. Torneo San Viator 2015 - Torneo B"]
[Site "Madrid ESP"]
[Date "2015.11.01"]
[Round "6.10"]
[White "Bellagamba, Pascal"]
[Black "Fernandez Rodriguez, Alberto"]
[Result "1-0"]
[WhiteElo "1643"]
[BlackElo "1520"]
[PlyCount "66"]
[EventDate "2015.10.04"]
[EventType "swiss"]
[EventRounds "9"]
[EventCountry "ESP"]
[Source "lmi"]
[SourceDate "2015.10.04"]

1. e4 d6 2. d4 Nf6 3. Bd3 g6 4. c3 Bg7 5. Ne2 O-O 6. f3 Nbd7 7. Be3 e5 8. d5 b6
9. Na3 Nc5 10. Bc4 Bd7 11. Qd2 Ne8 12. g4 Qf6 13. O-O Qe7 14. Ng3 f5 15. gxf5
gxf5 16. exf5 Bxf5 17. b4 Nd7 18. Nxf5 Rxf5 19. Bd3 Rf7 20. Rae1 Nef6 21. Bg5
Qf8 22. c4 Nh5 23. Be4 Nf4 24. Nc2 Bh6 25. Bxh6 Qxh6 26. Kh1 Kh8 27. Ne3 Rg8
28. Rg1 Rfg7 29. Rxg7 Rxg7 30. Nf5 Rg2 31. Qxg2 Nxg2 32. Nxh6 Nf4 33. Rg1 Nf6
1-0

[Event "25. Torneo San Viator 2015 - Torneo B"]
[Site "Madrid ESP"]
[Date "2015.11.01"]
[Round "6.11"]
[White "Cabello Rodriguez, Raul"]
[Black "Garcia Rojas, Juan Carlos"]
[Result "1/2-1/2"]
[WhiteElo "1615"]
[BlackElo "1489"]
[PlyCount "85"]
[EventDate "2015.10.04"]
[EventType "swiss"]
[EventRounds "9"]
[EventCountry "ESP"]
[Source "lmi"]
[SourceDate "2015.10.04"]

1. d4 d5 2. Bf4 e6 3. Nf3 Nc6 4. e3 Bd7 5. c3 Be7 6. Bd3 Nf6 7. h3 O-O 8. Nbd2
b6 9. O-O Na5 10. Ne5 c5 11. Re1 c4 12. Bc2 b5 13. b4 Nb7 14. Qf3 Bd6 15. a3 a5
16. Qg3 g6 17. Bg5 Be7 18. Qh4 Re8 19. f3 Nh5 20. Bxe7 Qxe7 21. Qxe7 Rxe7 22.
Kh2 a4 23. Nf1 Nd6 24. Re2 f6 25. Ng4 Nf7 26. Ng3 Nxg3 27. Kxg3 f5 28. Nh2 Nd6
29. Nf1 Rae8 30. Rae1 Bc6 31. Kf2 e5 32. Nd2 e4 33. f4 h5 34. Rg1 Bd7 35. Bd1
Rg7 36. Nf1 Kh7 37. h4 Reg8 38. Ng3 Ne8 39. Nh1 Nf6 40. Ree1 Ng4+ 41. Bxg4 fxg4
42. g3 Rf8 43. Kg2 1/2-1/2

[Event "25. Torneo San Viator 2015 - Torneo B"]
[Site "Madrid ESP"]
[Date "2015.11.01"]
[Round "6.12"]
[White "Hidalgo Prado, David"]
[Black "Fogue Angelina, Hugo"]
[Result "1-0"]
[WhiteElo "1597"]
[BlackElo "1273"]
[PlyCount "95"]
[EventDate "2015.10.04"]
[EventType "swiss"]
[EventRounds "9"]
[EventCountry "ESP"]
[Source "lmi"]
[SourceDate "2015.10.04"]

1. e4 c5 2. c3 Nf6 3. e5 Nd5 4. d4 cxd4 5. Nf3 e6 6. cxd4 d6 7. Nc3 Nxc3 8.
bxc3 Qc7 9. Bd2 Nd7 10. exd6 Bxd6 11. h3 O-O 12. Bd3 b6 13. O-O Bb7 14. Re1 h6
15. c4 Rac8 16. a4 Bf4 17. Be3 Ra8 18. Qd2 Bxe3 19. fxe3 Qg3 20. Qf2 Qxf2+ 21.
Kxf2 Rfd8 22. a5 Kf8 23. Reb1 Rdb8 24. a6 Bc6 25. e4 Nf6 26. Ke3 Rd8 27. e5 Ne8
28. Be4 Rac8 29. Rc1 Ke7 30. Nd2 Kf8 31. Nb3 Ke7 32. c5 bxc5 33. Nxc5 Bxe4 34.
Kxe4 Rd5 35. Rab1 Kf8 36. Nd7+ Rxd7 37. Rxc8 Rc7 38. Rxc7 Nxc7 39. Rb7 Nxa6 40.
Rxa7 Nb4 41. Rb7 Nc6 42. d5 exd5+ 43. Kxd5 Nd8 44. Rd7 Ke8 45. Kd6 Ne6 46. Re7+
Kf8 47. Rxe6 fxe6 48. Kxe6 1-0

[Event "25. Torneo San Viator 2015 - Torneo B"]
[Site "Madrid ESP"]
[Date "2015.11.01"]
[Round "6.13"]
[White "Valdes Sanchez, Jesus Manuel"]
[Black "Del Rio Perezagua, Mario"]
[Result "0-1"]
[WhiteElo "1594"]
[BlackElo "1487"]
[PlyCount "63"]
[EventDate "2015.10.04"]
[EventType "swiss"]
[EventRounds "9"]
[EventCountry "ESP"]
[Source "lmi"]
[SourceDate "2015.10.04"]

1. e4 c5 2. Nf3 d6 3. d4 cxd4 4. Nxd4 Nf6 5. Nc3 a6 6. Bg5 e6 7. Be2 Be7 8. Qd2
Bd7 9. Rd1 h6 10. Bxf6 Bxf6 11. O-O O-O 12. Kh1 Be7 13. f4 Nc6 14. Nf3 Rc8 15.
a3 Na5 16. Qd4 Qc7 17. Ne5 Nc6 18. Nxc6 Bxc6 19. Rf3 Rfd8 20. Rh3 Bf6 21. Qf2
Qe7 22. Bf3 Bxc3 23. bxc3 Qf6 24. e5 Qxf4 25. exd6 Rxd6 26. Rxd6 Qxd6 27. Bxc6
Rxc6 28. Rd3 Qxa3 29. Qe1 Rd6 30. Rf3 Qb2 31. Rd3 Rxd3 32. cxd3 0-1

[Event "25. Torneo San Viator 2015 - Torneo B"]
[Site "Madrid ESP"]
[Date "2015.11.01"]
[Round "6.15"]
[White "Sadaba Rodriguez, Igor"]
[Black "Aranda Perez, Ivan"]
[Result "1-0"]
[WhiteElo "1693"]
[BlackElo "1420"]
[PlyCount "90"]
[EventDate "2015.10.04"]
[EventType "swiss"]
[EventRounds "9"]
[EventCountry "ESP"]
[Source "lmi"]
[SourceDate "2015.10.04"]

1. d4 d5 2. c4 c6 3. Nc3 Nf6 4. e3 Bg4 5. Qb3 Qb6 6. cxd5 Qxb3 7. axb3 cxd5 8.
Nb5 Kd7 9. f3 Bh5 10. Rxa7 Rxa7 11. Nxa7 e6 12. Bd2 Nc6 13. Bb5 Bd6 14. Ba4 Ra8
15. Nxc6 bxc6 16. Ne2 Rb8 17. O-O Bb4 18. Bxb4 Rxb4 19. Rc1 Rb6 20. Nf4 Bg6 21.
Nxg6 hxg6 22. Kf2 Ne8 23. Ke2 f5 24. Kf2 Nd6 25. Kg3 g5 26. h4 gxh4+ 27. Kxh4
f4 28. g4 fxg3 29. Kxg3 Nf5+ 30. Kf4 g5+ 31. Kxg5 Nxe3 32. Kf6 Nf5 33. Ke5 Ne7
34. Rg1 Rb8 35. Rg7 Re8 36. f4 Rf8 37. Bxc6+ Kxc6 38. Rxe7 Rf5+ 39. Kxe6 Rxf4
40. Ra7 Rxd4 41. Ra6+ Kb5 42. Ra8 Rd2 43. Rb8+ Kc6 {(=)} 44. Ke5 Rxb2 45. Kd4
Rc2 1-0

[Event "25. Torneo San Viator 2015 - Torneo B"]
[Site "Madrid ESP"]
[Date "2015.11.01"]
[Round "6.16"]
[White "Rendo Quindos, Pedro"]
[Black "Lianes Garcia, Alicia"]
[Result "1/2-1/2"]
[WhiteElo "1662"]
[BlackElo "1359"]
[PlyCount "118"]
[EventDate "2015.10.04"]
[EventType "swiss"]
[EventRounds "9"]
[EventCountry "ESP"]
[Source "lmi"]
[SourceDate "2015.10.04"]

1. e4 e5 2. Nf3 Nc6 3. Bc4 Bc5 4. O-O Nf6 5. d3 O-O 6. c3 d6 7. a4 a6 8. Bb3
Re8 9. h3 Be6 10. Bc2 d5 11. Nbd2 Qd7 12. Ng5 h6 13. Nxe6 Qxe6 14. Nf3 Rad8 15.
Qe2 d4 16. Bd2 Rd6 17. b4 Ba7 18. c4 Ra8 19. Rfb1 Ne7 20. Bb3 c5 21. bxc5 Bxc5
22. Bb4 Rc6 23. Bxc5 Rxc5 24. Ba2 Rb8 25. Qb2 Qc6 26. Qb6 Nd7 27. Qb4 b5 28.
axb5 axb5 29. cxb5 Rbxb5 30. Qd2 Rxb1+ 31. Rxb1 Rc2 32. Qa5 Rc1+ 33. Rxc1 Qxc1+
34. Kh2 Qc8 35. Nxe5 Qb8 36. f4 Nxe5 37. fxe5 Nc6 38. Qd5 Qxe5+ 39. Kg1 Qxd5
40. Bxd5 Ne5 41. Bc4 Kf8 42. Kf2 Ke7 43. Ke2 Nxc4 44. dxc4 Kd6 45. Kd2 Kc6 46.
e5 f6 47. e6 Kd6 48. Kd3 Kxe6 49. Kxd4 Kd6 50. h4 h5 51. c5+ Kc6 52. g3 g5 53.
Ke4 Kxc5 54. Kf5 gxh4 55. gxh4 Kd6 56. Kxf6 Kd7 57. Kg5 Ke7 58. Kxh5 Kf7 59.
Kh6 Kg8 1/2-1/2

[Event "25. Torneo San Viator 2015 - Torneo B"]
[Site "Madrid ESP"]
[Date "2015.11.01"]
[Round "6.17"]
[White "Alameda Arellano, Cristeto"]
[Black "Rojo Jorge, Angel"]
[Result "1/2-1/2"]
[WhiteElo "1545"]
[BlackElo "1364"]
[PlyCount "76"]
[EventDate "2015.10.04"]
[EventType "swiss"]
[EventRounds "9"]
[EventCountry "ESP"]
[Source "lmi"]
[SourceDate "2015.10.04"]

1. d4 Nf6 2. c4 c5 3. d5 b5 4. cxb5 a6 5. bxa6 g6 6. Nc3 Bxa6 7. Nf3 Bg7 8. e4
d6 9. Bxa6 Rxa6 10. O-O O-O 11. Qe2 Qb6 12. Nd2 Nbd7 13. Nc4 Qb7 14. Rb1 Nb6
15. Nxb6 Rxb6 16. b3 Ra8 17. Bb2 Rb4 18. f3 Ne8 19. Qc2 Nc7 20. Rf2 Nb5 21.
Nxb5 Qxb5 22. Bc3 Bxc3 23. Qxc3 c4 24. Rc2 Ra3 25. Qd4 f6 26. Rxc4 Rxc4 27.
Qxc4 Qb6+ 28. Kh1 Qf2 29. b4 Rxa2 30. Rg1 Qb2 31. Qb5 Kf7 32. Qd7 Qxb4 33. Qe6+
Kf8 34. Rc1 Ra8 35. h4 h5 36. Rc8+ Rxc8 37. Qxc8+ Kf7 38. Qe6+ Kf8 1/2-1/2

[Event "25. Torneo San Viator 2015 - Torneo B"]
[Site "Madrid ESP"]
[Date "2015.11.01"]
[Round "6.18"]
[White "Dominguez Lerida, Nicolas"]
[Black "Carnero Barbulo, Daniel"]
[Result "1-0"]
[WhiteElo "1509"]
[BlackElo "1346"]
[PlyCount "86"]
[EventDate "2015.10.04"]
[EventType "swiss"]
[EventRounds "9"]
[EventCountry "ESP"]
[Source "lmi"]
[SourceDate "2015.10.04"]

1. d4 Nf6 2. c4 g6 3. Nc3 Bg7 4. e4 d6 5. Be2 O-O 6. Nf3 e5 7. O-O Na6 8. dxe5
dxe5 9. Qc2 Re8 10. Bg5 Qe7 11. a3 b6 12. b4 c5 13. b5 Nc7 14. Rfd1 Bb7 15. a4
Ne6 16. Bxf6 Qxf6 17. Nd5 Bxd5 18. cxd5 Nd4 19. Nxd4 exd4 20. Ra2 Qf4 21. Bf3
Re5 22. a5 Rb8 23. axb6 axb6 24. Qd2 Qf6 25. Qd3 Bf8 26. Be2 Bd6 27. f3 Rh5 28.
g3 Re8 29. f4 Rh6 30. e5 Qe7 31. exd6 Qxd6 32. Bf3 Qd7 33. Re2 Ra8 34. Rb1 Qh3
35. d6 Ra7 36. Bc6 Qc8 37. d7 Rxd7 38. Bxd7 Qxd7 39. Ra1 Kg7 40. Ra6 Qb7 41.
Qe4 Qd7 42. Qe5+ Kg8 43. Rxb6 Qa7 1-0

[Event "25. Torneo San Viator 2015 - Torneo B"]
[Site "Madrid ESP"]
[Date "2015.11.01"]
[Round "6.19"]
[White "Lopez Nunez, Alonso"]
[Black "Salgado Duarte, Pablo"]
[Result "1-0"]
[WhiteElo "1283"]
[BlackElo "1486"]
[PlyCount "111"]
[EventDate "2015.10.04"]
[EventType "swiss"]
[EventRounds "9"]
[EventCountry "ESP"]
[Source "lmi"]
[SourceDate "2015.10.04"]

1. e4 e5 2. Nf3 d6 3. d4 exd4 4. Nxd4 Bd7 5. Be3 Nf6 6. Bd3 Nc6 7. Nxc6 Bxc6 8.
f3 Be7 9. O-O O-O 10. Nd2 Re8 11. c3 Nd7 12. f4 Nf6 13. h3 Bf8 14. Qc2 g6 15.
Bd4 Bg7 16. f5 Bd7 17. fxg6 hxg6 18. Rf2 c5 19. Bxf6 Bxf6 20. Raf1 Bg7 21. Rxf7
Re7 22. Rxe7 Qxe7 23. Bc4+ Be6 24. Bxe6+ Qxe6 25. Qb3 Qxb3 26. Nxb3 Re8 27. Rd1
Be5 28. Na5 Re7 29. Nc4 Bf4 30. Nd2 Be3+ 31. Kh1 b6 32. Nc4 Bf4 33. Nd2 Kf8 34.
Kg1 Ke8 35. Kf2 Rf7 36. Ke2 Bg3 37. Rf1 Re7 38. Kd3 g5 39. Rf3 Bf4 40. Rf2 b5
41. b3 a5 42. a4 bxa4 43. bxa4 Rd7 44. Re2 Re7 45. Nc4 Ra7 46. e5 d5 47. Nb6
Re7 48. Nxd5 Rf7 49. e6 Rf5 50. Kc4 Bd6 51. e7 Rf1 52. Re6 Bg3 53. Nf6+ Rxf6
54. Rxf6 Kxe7 55. Rf5 Bd6 56. Rxg5 1-0

[Event "25. Torneo San Viator 2015 - Torneo B"]
[Site "Madrid ESP"]
[Date "2015.11.01"]
[Round "6.21"]
[White "Aguilera Prada, Alejandro"]
[Black "Arevalo Estriegana, Jorge"]
[Result "1/2-1/2"]
[WhiteElo "1426"]
[BlackElo "1250"]
[PlyCount "82"]
[EventDate "2015.10.04"]
[EventType "swiss"]
[EventRounds "9"]
[EventCountry "ESP"]
[Source "lmi"]
[SourceDate "2015.10.04"]

1. d4 d5 2. Nf3 Nf6 3. Bf4 Bg4 4. Nbd2 e6 5. c3 c5 6. Qb3 b6 7. Ne5 Be7 8. Nxg4
Nxg4 9. h3 Nf6 10. Qc2 Nc6 11. e3 Rc8 12. Ba6 cxd4 13. Bxc8 dxe3 14. Ba6 exd2+
15. Bxd2 O-O 16. O-O Qc7 17. Rac1 Ne5 18. Rfe1 Ng6 19. Bd3 Rc8 20. Bxg6 hxg6
21. Qd3 Ne4 22. Be3 Bh4 23. Re2 Qd7 24. Bf4 Nc5 25. Qd1 Rd8 26. Qd4 Bf6 27. Be5
Bxe5 28. Rxe5 Ne4 29. Rd1 Nd6 30. Rde1 Ne4 31. Rd1 Nd6 32. f3 Qb5 33. Qb4 Qc6
34. Rde1 a5 35. Qh4 Rd7 36. R5e2 Qc5+ 37. Qd4 Qc7 38. Re5 Nf5 39. Qf2 Rd6 40.
g4 Ne7 41. Qh4 Qc5+ 1/2-1/2

[Event "25. Torneo San Viator 2015 - Torneo B"]
[Site "Madrid ESP"]
[Date "2015.11.01"]
[Round "6.23"]
[White "Mora Gonzalez-Rojas, Francisco"]
[Black "Comeron Galan, Daniel"]
[Result "0-1"]
[WhiteElo "1557"]
[BlackElo "1356"]
[PlyCount "142"]
[EventDate "2015.10.04"]
[EventType "swiss"]
[EventRounds "9"]
[EventCountry "ESP"]
[Source "lmi"]
[SourceDate "2015.10.04"]

1. e4 d6 2. Bb5+ c6 3. Ba4 Nf6 4. d3 e5 5. Bb3 Be7 6. h3 O-O 7. Nf3 Nbd7 8. O-O
Qc7 9. a3 b6 10. Nc3 Bb7 11. Bg5 Rad8 12. Qd2 Rfe8 13. Rfe1 Nf8 14. Nh4 Ng6 15.
Nxg6 hxg6 16. Re2 d5 17. exd5 cxd5 18. Rae1 Bc5 19. Nb5 Qb8 20. d4 Ne4 21. Qe3
Nxg5 22. Qxg5 Bxd4 23. Nxd4 exd4 24. Rxe8+ Rxe8 25. Rxe8+ Qxe8 26. Bxd5 Qe1+
27. Kh2 Bxd5 28. Qxd5 Qxf2 29. Qd8+ Kh7 30. Qc7 Qd2 31. Qc4 Qf4+ 32. Kg1 Qc1+
33. Kh2 Qxb2 34. a4 Qa1 35. Qb3 Qd1 36. Qc4 Qd2 37. Qb3 Kg8 38. Qc4 Kf8 39. Kg1
Ke7 40. Kf1 Kd6 41. Qb3 Qc3 42. Qxc3 dxc3 43. Ke2 Kc5 44. Kd3 Kb4 45. g3 a6 46.
g4 g5 47. Kd4 f6 48. Kd3 Kxa4 49. Kxc3 b5 50. Kb2 Kb4 51. c3+ Kc4 52. Kc2 a5
53. Kb2 b4 54. cxb4 axb4 55. Kc2 b3+ 56. Kb2 Kd3 57. Kxb3 Ke3 58. Kc4 Kf3 59.
Kd4 Kg3 60. Ke4 Kxh3 61. Kf3 g6 62. Kf2 Kxg4 63. Kg2 f5 64. Kf2 f4 65. Kg2 f3+
66. Kf2 Kf4 67. Kg1 Ke3 68. Kf1 f2 69. Kg2 Ke2 70. Kg3 f1=Q 71. Kg4 Qg2# 0-1

[Event "25. Torneo San Viator 2015 - Torneo B"]
[Site "Madrid ESP"]
[Date "2015.11.01"]
[Round "6.24"]
[White "Blasco Gallardo, Francisco"]
[Black "Jimenez Sanchez, Juan Daniel"]
[Result "1-0"]
[WhiteElo "1495"]
[BlackElo "1331"]
[PlyCount "79"]
[EventDate "2015.10.04"]
[EventType "swiss"]
[EventRounds "9"]
[EventCountry "ESP"]
[Source "lmi"]
[SourceDate "2015.10.04"]

1. Nf3 Nc6 2. d4 d5 3. Bf4 e6 4. e3 a6 5. Nbd2 Nf6 6. c3 g6 7. Be2 Nh5 8. Bg5
f6 9. Bh4 Bd7 10. Ne5 Qe7 11. Bxh5 Qg7 12. Nxd7 Kxd7 13. Be2 Re8 14. Bg3 e5 15.
Qb3 Qf7 16. e4 exd4 17. Qxd5+ Qxd5 18. exd5 Ne7 19. O-O Bh6 20. Nb3 Nxd5 21.
Bf3 c6 22. Bxd5 cxd5 23. Nxd4 f5 24. f4 Rhf8 25. Rae1 Rc8 26. Bh4 Rf7 27. Re6
Bf8 28. Rfe1 Bc5 29. Bf2 Bd6 30. g3 Be7 31. R6e5 Bf6 32. Rxd5+ Kc7 33. Nb3 Be7
34. Bd4 Kb8 35. Be5+ Ka7 36. Bd4+ Kb8 37. Rd7 Rc7 38. Be5 Bc5+ 39. Nxc5 Rfxd7
40. Nxd7+ 1-0

[Event "25. Torneo San Viator 2015 - Torneo B"]
[Site "Madrid ESP"]
[Date "2015.11.01"]
[Round "6.26"]
[White "Martin Rodriguez, Jose Luis"]
[Black "Garcia Pardo, Maria Del Carmen"]
[Result "0-1"]
[WhiteElo "1413"]
[BlackElo "1322"]
[PlyCount "92"]
[EventDate "2015.10.04"]
[EventType "swiss"]
[EventRounds "9"]
[EventCountry "ESP"]
[Source "lmi"]
[SourceDate "2015.10.04"]

1. e4 e5 2. Nf3 Nc6 3. d4 exd4 4. Nxd4 Nf6 5. Nxc6 bxc6 6. e5 Nd5 7. c4 Nb6 8.
b3 f6 9. Bd3 Bb4+ 10. Bd2 Bxd2+ 11. Nxd2 Qe7 12. O-O Bb7 13. Qh5+ Qf7 14. Qxf7+
Kxf7 15. exf6 Kxf6 16. Rfe1 h6 17. Re2 Rhe8 18. Rae1 Rxe2 19. Rxe2 Kf7 20. f4
c5 21. h4 Kf8 22. Kf2 Re8 23. Rxe8+ Kxe8 24. g3 Ke7 25. Ke3 Ke6 26. Ne4 d6 27.
Nc3 a6 28. g4 Kf7 29. Ne4 Nd7 30. Be2 Nf6 31. Nxf6 Kxf6 32. Bf3 Bc8 33. g5+
hxg5 34. fxg5+ Ke5 35. Be4 Bg4 36. Bc2 Bf5 37. Bxf5 Kxf5 38. Kf3 g6 39. a3 a5
40. Kg3 c6 41. Kf3 d5 42. cxd5 cxd5 43. Ke3 Kg4 44. b4 cxb4 45. axb4 axb4 46.
Kd4 Kxh4 0-1

[Event "25. Torneo San Viator 2015 - Torneo B"]
[Site "Madrid ESP"]
[Date "2015.11.01"]
[Round "6.27"]
[White "Perez Perez, Marta"]
[Black "Jimenez Perez, Federico"]
[Result "1-0"]
[WhiteElo "1338"]
[BlackElo "1371"]
[PlyCount "79"]
[EventDate "2015.10.04"]
[EventType "swiss"]
[EventRounds "9"]
[EventCountry "ESP"]
[Source "lmi"]
[SourceDate "2015.10.04"]

1. e4 c5 2. Nf3 g6 3. d4 cxd4 4. Nxd4 Nc6 5. Nc3 Bg7 6. Be3 Nf6 7. Bc4 O-O 8.
Bb3 a5 9. f3 d5 10. Bxd5 Nxd5 11. Nxd5 e6 12. Nxc6 bxc6 13. Nb6 Qxd1+ 14. Rxd1
Rb8 15. b3 Bc3+ 16. Kf2 e5 17. Nd7 Bxd7 18. Rxd7 Bd4 19. Bxd4 exd4 20. Rxd4
Rfd8 21. Rhd1 Rdc8 22. Ke3 c5 23. Rc4 Kg7 24. Rd5 Rb5 25. a4 Rb4 26. Rdxc5 Rxc4
27. Rxc4 Rd8 28. Rd4 Rc8 29. c4 Rb8 30. Rd3 g5 31. c5 Kf6 32. c6 Rc8 33. Rc3
Ke6 34. c7 Kd7 35. g3 h6 36. f4 f6 37. fxg5 hxg5 38. h4 gxh4 39. gxh4 Rh8 40.
c8=Q+ 1-0

[Event "25. Torneo San Viator 2015 - Torneo B"]
[Site "Madrid ESP"]
[Date "2015.11.01"]
[Round "6.28"]
[White "Centeno Mateos, Domingo"]
[Black "Perez Ramos, Miguel Angel"]
[Result "0-1"]
[WhiteElo "1438"]
[BlackElo "1256"]
[PlyCount "76"]
[EventDate "2015.10.04"]
[EventType "swiss"]
[EventRounds "9"]
[EventCountry "ESP"]
[Source "lmi"]
[SourceDate "2015.10.04"]

1. d4 d5 2. c4 c6 3. Nc3 e6 4. Nf3 Bd6 5. e4 Ne7 6. Bd3 h6 7. O-O Bb4 8. Bd2 a6
9. Re1 b5 10. cxd5 cxd5 11. exd5 Bd6 12. dxe6 Bxe6 13. Be3 Nbc6 14. Be4 Bb4 15.
a3 Bxc3 16. bxc3 Bd5 17. Qc2 Qd7 18. Bxd5 Qxd5 19. Rec1 Na5 20. Nd2 O-O 21. c4
bxc4 22. Nxc4 Rac8 23. Nb6 Rxc2 24. Nxd5 Rxc1+ 25. Rxc1 Nxd5 26. Rc5 Nxe3 27.
fxe3 Nb3 28. Rc3 Nd2 29. Rc2 Ne4 30. Kf1 Re8 31. Ke2 f5 32. g3 g5 33. Rc6 h5
34. Rxa6 Nc3+ 35. Kd2 Ne4+ 36. Kd3 h4 37. gxh4 Rd8 38. hxg5 Nc5+ 0-1

[Event "25. Torneo San Viator 2015 - Torneo B"]
[Site "Madrid ESP"]
[Date "2015.11.01"]
[Round "6.32"]
[White "Coronado Riscos, Hector"]
[Black "Garcia Pardo, Celia"]
[Result "1/2-1/2"]
[WhiteElo "1102"]
[BlackElo "1020"]
[PlyCount "101"]
[EventDate "2015.10.04"]
[EventType "swiss"]
[EventRounds "9"]
[EventCountry "ESP"]
[Source "lmi"]
[SourceDate "2015.10.04"]

1. d4 d5 2. Nf3 Nf6 3. Bg5 e6 4. Nbd2 Be7 5. e3 O-O 6. c4 Ne4 7. Bxe7 Qxe7 8.
a3 b6 9. Bd3 Bb7 10. O-O Nd7 11. Qc2 c5 12. Nxe4 dxe4 13. Bxe4 Bxe4 14. Qxe4
Nf6 15. Qd3 Ng4 16. b3 Nh6 17. e4 Rad8 18. a4 e5 19. d5 a5 20. Rfd1 Rd7 21. Rd2
f5 22. d6 Qe6 23. Qd5 Qxd5 24. Rxd5 fxe4 25. Nxe5 Rdd8 26. Nc6 Rd7 27. Ne7+ Kh8
28. Re1 Nf7 29. Rxe4 Rxd6 30. Rf4 Rf6 31. Rxf6 gxf6 32. f4 Kg7 33. g4 Re8 34.
Rd7 h6 35. h4 Kf8 36. Ng6+ Kg8 37. Re7 Rxe7 38. Nxe7+ Kg7 39. Nf5+ Kg6 40. h5+
Kh7 41. Kf2 Kg8 42. Ke3 Kf8 43. Ke4 Ke8 44. Kd5 Kd7 45. g5 fxg5 46. Nxh6 Nxh6
47. fxg5 Nf7 48. g6 Nh6 49. Ke5 Ke7 50. g7 Ng8 51. Kf5 1/2-1/2

[Event "25. Torneo San Viator 2015 - Torneo B"]
[Site "Madrid ESP"]
[Date "2015.11.01"]
[Round "6.33"]
[White "Diaz Del Prado, Carlos"]
[Black "Trapero Bueno, Vicente"]
[Result "0-1"]
[WhiteElo "1279"]
[BlackElo "1237"]
[PlyCount "68"]
[EventDate "2015.10.04"]
[EventType "swiss"]
[EventRounds "9"]
[EventCountry "ESP"]
[Source "lmi"]
[SourceDate "2015.10.04"]

1. d4 d5 2. Nf3 Nf6 3. e3 Bg4 4. Nbd2 e6 5. Bd3 c5 6. b3 Nc6 7. c3 Qb6 8. Qc2
Bd6 9. O-O O-O 10. Ba3 Rfe8 11. Rfe1 e5 12. e4 dxe4 13. Bxe4 exd4 14. Nc4 Qc7
15. Nxd6 Qxd6 16. cxd4 Bxf3 17. Bxf3 Nxd4 18. Qd3 Nxf3+ 19. Qxf3 b6 20. Rad1
Rxe1+ 21. Rxe1 Re8 22. Rxe8+ Nxe8 23. Kf1 Qxh2 24. Qa8 Qe5 25. Bb2 Qe7 26. Bc3
h6 27. a3 Kh7 28. b4 Nf6 29. Bxf6 gxf6 30. Qc8 cxb4 31. axb4 Qxb4 32. Qf5+ Kg7
33. f4 Qc4+ 34. Kf2 Qc5+ 0-1

[Event "25. Torneo San Viator 2015 - Torneo B"]
[Site "Madrid ESP"]
[Date "2015.11.08"]
[Round "7.16"]
[White "Garcia Pardo, Maria Del Carmen"]
[Black "Berlana San Segundo, Miguel"]
[Result "1-0"]
[WhiteElo "1322"]
[BlackElo "1527"]
[PlyCount "65"]
[EventDate "2015.10.04"]
[EventType "swiss"]
[EventRounds "9"]
[EventCountry "ESP"]
[Source "lmi"]
[SourceDate "2015.10.04"]

1. e4 d6 2. d4 Nf6 3. Nc3 g6 4. Nf3 Bg7 5. h3 O-O 6. Be3 Nbd7 7. Bd3 c5 8. O-O
Qb6 9. Rb1 Nh5 10. Ne2 e6 11. c3 Nhf6 12. Ng3 Qc6 13. Qd2 Rb8 14. Rfe1 b6 15.
Bh6 c4 16. Bc2 e5 17. d5 Qc5 18. Qg5 Kh8 19. Bxg7+ Kxg7 20. Nf5+ Kh8 21. Nh6
Ng8 22. Ba4 b5 23. Bc2 Nxh6 24. Qxh6 Kg8 25. Ng5 Nf6 26. Re3 Bg4 27. hxg4 Kh8
28. Rf3 Rg8 29. Rxf6 Rg7 30. Rxf7 Rxf7 31. Nxf7+ Kg8 32. Ng5 Rb7 33. Re1 1-0

[Event "25. Torneo San Viator 2015 - Torneo B"]
[Site "Madrid ESP"]
[Date "2015.11.08"]
[Round "7.17"]
[White "Fernandez Rodriguez, Alberto"]
[Black "Perez Perez, Marta"]
[Result "1-0"]
[WhiteElo "1520"]
[BlackElo "1338"]
[PlyCount "75"]
[EventDate "2015.10.04"]
[EventType "swiss"]
[EventRounds "9"]
[EventCountry "ESP"]
[Source "lmi"]
[SourceDate "2015.10.04"]

1. f4 d5 2. e3 Nf6 3. Nf3 c5 4. d4 e6 5. c3 Nc6 6. Bd3 Be7 7. O-O h6 8. Nbd2 a6
9. b3 b5 10. Ba3 cxd4 11. Bxe7 Qxe7 12. cxd4 Bb7 13. a3 Rc8 14. b4 Nd7 15. Ne5
Ndxe5 16. fxe5 Qg5 17. Qe2 O-O 18. Rf3 Qe7 19. Raf1 Rce8 20. Rg3 f6 21. Qh5
fxe5 22. Rxf8+ Rxf8 23. Qxh6 e4 24. Nxe4 dxe4 25. Bxe4 Rf6 26. Qh7+ Kf7 27.
Rxg7+ Ke8 28. Rxe7+ Nxe7 29. Bxb7 Kd7 30. Bxa6 Rf5 31. Bb7 Kd6 32. Bf3 Rf6 33.
Qd3 Rf5 34. e4 Rg5 35. Qe3 Rg8 36. d5 exd5 37. exd5 Rc8 38. Qe6+ 1-0

[Event "25. Torneo San Viator 2015 - Torneo B"]
[Site "Madrid ESP"]
[Date "2015.11.08"]
[Round "7.18"]
[White "Blasco Gallardo, Francisco"]
[Black "Tenorio Garcia, Joel"]
[Result "1/2-1/2"]
[WhiteElo "1495"]
[BlackElo "1277"]
[PlyCount "52"]
[EventDate "2015.10.04"]
[EventType "swiss"]
[EventRounds "9"]
[EventCountry "ESP"]
[Source "lmi"]
[SourceDate "2015.10.04"]

1. d4 Nf6 2. Bf4 d5 3. e3 Bf5 4. Nf3 e6 5. c4 Bd6 6. Ne5 O-O 7. Qb3 b6 8. Nc3
c5 9. cxd5 Bxe5 10. Bxe5 exd5 11. Bxf6 Qxf6 12. Qxd5 Nd7 13. Bb5 Rad8 14. Rd1
Be6 15. Qb7 cxd4 16. Rxd4 Nc5 17. Qc7 Rxd4 18. exd4 Qxd4 19. O-O Ne4 20. Nxe4
Qxe4 21. Bc6 Qc4 22. Qd6 h6 23. b3 Qh4 24. Bf3 Rd8 25. Qc7 Rd7 26. Qc8+ Qd8
1/2-1/2